Suomen vaalipiirit - Statistics

Yleistilastot
  • Tätä visaa on pelattu 46 kertaa
  • Keskiarvotulos 10 / 13
Vastaustilastot
Kuvavisa Vastaus % Oikein
Helsinki
98%
Uusimaa
95%
Lappi
90%
Ahvenanmaa
88%
Keski-Suomi
85%
Oulu
85%
Pirkanmaa
85%
Satakunta
78%
Häme
76%
Varsinais-Suomi
76%
Vaasa
73%
Savo-Karjala
68%
Kaakkois-Suomi
51%
Ehtoja vastaavia visoja ei löytynyt
Tulosjakauma
Jokaisen tuloksen saaneiden osuus
Persentiili vastausten määrän mukaan
Tuloshistoriasi
Et ole pelannut tätä visaa